000 00630nam a2200205Ia 4500
003 OSt
005 20250225120708.0
008 210210b2006 xxu||||| |||| 00| 0 eng d
040 _cAL
041 _aKannada
082 _aK894.4 BELE
100 _aBELAGERE KRASHNASHASTRI.
_dಬೆಳಗೆರೆ ಕೃಷ್ಣಶಾಸ್ತ್ರಿ
_9202595
245 _aEle mareya alaru.
_bಎಲೆ ಮರೆಯ ಅಲರು
260 _aBengaluru
_bAbhinava Prakashana
_c2006
300 _a75
650 _aBelagere Krishnashastri life experiences
_9202597
690 _aKannada Prose
_9202596
906 _a061176
942 _2ddc
_cBK
999 _c108145
_d108145